000
00302nam a22001217a 4500
999
_c
528279
_d
528279
003
NUST
038
_a
msohail
082
_a
621.406
_b
NAC
245
_a
Blading Aggregate Surface
260
_a
USA
_b
National Association of Counties Research Foundation
_c
1974
300
_a
54, p:
_c
27cm
942
_2
ddc
_c
BK